| 000 | 01110nam0a2200325 4500 | ||
|---|---|---|---|
| 001 | RU\NLR\bibl\226796 | ||
| 005 | 20250619105801.0 | ||
| 010 |
_a5-8174-0177-0 _910000 |
||
| 021 |
_aRU _b2001-38049 _91805 |
||
| 035 | _a(NLR Aleph) 000222792 | ||
| 090 |
_a1295272 _c1295272 |
||
| 100 | _a20020108d2001 |||y0rusy50 ca | ||
| 101 | 0 | _arus | |
| 102 | _aRU | ||
| 105 | _aa ||||||||| | ||
| 200 | 1 |
_aКавказская кухня _e[Кулинар. рецепты] |
|
| 210 |
_aМ. _aСПб. _cДиля _d2001 |
||
| 215 |
_a150, [7] с. _cил. _d20 |
||
| 225 | 1 | _aСерия "Секреты национальной кухни" | |
| 606 | 0 |
_aКулинарное производство _xКавказская кухня _91249730 _3RU\NLR\auth\66511442 |
|
| 606 | 0 |
_aКавказская кухня _92100455 _3RU\NLR\auth\661270385 |
|
| 675 |
_a641.568(479)(083.12) _v3 _zrus |
||
| 686 |
_a36.997 _2rubbk |
||
| 686 | _aЛ997(2)Кавказская | ||
| 801 | 0 |
_aRU _bRKP _c20020108 _gPSBO |
|
| 801 | 1 |
_aRU _bRKP _c20020108 |
|
| 801 | 2 |
_aRU _bNLR _c20020311 _grcr |
|
| 942 | _cBOOK | ||
| 980 | _aNB | ||